[Event "WchT Seniors 65"]
[Site "Struga"]
[Date "2023.09.24"]
[Round "6.1"]
[White "Varley, Peter"]
[Black "Westerinen, Heikki MJ"]
[Result "1-0"]
[WhiteElo "2174"]
[BlackElo "2237"]
[PlyCount "103"]
[EventDate "2023.09.19"]
[EventType "team-swiss"]
[EventRounds "9"]
[EventCountry "MKD"]
[SourceTitle "EXT 2024"]
[Source "ChessBase"]
[SourceDate "2023.10.10"]
[SourceVersion "1"]
[SourceVersionDate "2023.10.10"]
[SourceQuality "1"]
[WhiteTeam "Wales Silures 65"]
[BlackTeam "Finland 65"]
[WhiteTeamCountry "WLS"]
[BlackTeamCountry "FIN"]

1. d4 Nf6 2. c4 g6 3. Nc3 Bg7 4. e4 d6 5. h3 0-0 6. Be3 e5 7. d5 Nbd7 8. Bd3 Nc5 9. Bc2 a5 10. Nge2 Bd7 11. Qd2 Qe8 12. f3 b5 13. cxb5 Bxb5 14. Nxb5 Qxb5 15. 0-0 Nh5 16. Nc3 Qb4 17. b3 Nf4 18. Rfe1 f5 19. a3 Qb8 20. Rab1 fxe4 21. Nxe4 Nxe4 22. Bxe4 Qb5 23. a4 Qd7 24. Rec1 Bf6 25. Rc6 Bd8 26. Kh2 h5 27. b4 axb4 28. Rxb4 g5 29. Qe1 Qf7 30. Qd1 Qd7 31. Rbc4 Rf7 32. g4 Rb8 33. Qc2 Rg7 34. a5 Qf7 35. Qd2 Rb3 36. a6 hxg4 37. hxg4 Qf6 38. Kg1 Ra3 39. a7 Nh3+ 40. Kf1 Nf4 41. Rc3 Ra4 42. R6c4 Ra6 43. Rb3 Qh6 44. Qf2 Ra1+ 45. Rc1 Qh1+ 46. Qg1 Qxg1+ 47. Kxg1 Ne2+ 48. Kg2 Nxc1 49. Rb8 Ra2+ 50. Kf1 Rd7 51. a8Q Rxa8 52. Rxa8 1-0

[Event "WchT Seniors 65"]
[Site "Struga"]
[Date "2023.09.23"]
[Round "5.1"]
[White "Westerinen, Heikki MJ"]
[Black "Ftacnik, Lubomir"]
[Result "1/2-1/2"]
[WhiteElo "2237"]
[BlackElo "2450"]
[PlyCount "44"]
[EventDate "2023.09.19"]
[EventType "team-swiss"]
[EventRounds "9"]
[EventCountry "MKD"]
[SourceTitle "EXT 2024"]
[Source "ChessBase"]
[SourceDate "2023.10.10"]
[SourceVersion "1"]
[SourceVersionDate "2023.10.10"]
[SourceQuality "1"]
[WhiteTeam "Finland 65"]
[BlackTeam "Slovakia 65"]
[WhiteTeamCountry "FIN"]
[BlackTeamCountry "SVK"]

1. e4 c5 2. Nf3 d6 3. c3 Nf6 4. Bd3 Nc6 5. h3 g6 6. Bc2 Bg7 7. 0-0 0-0 8. d4 cxd4 9. cxd4 e5 10. dxe5 dxe5 11. Nc3 Be6 12. Be3 Qa5 13. Qe2 Nh5 14. Rfd1 Nf4 15. Qb5 Rfc8 16. Bb3 Qxb5 17. Nxb5 Bxb3 18. axb3 a6 19. Nc3 Rd8 20. Bb6 Rxd1+ 21. Rxd1 Re8 22. Kf1 Ne6 1/2-1/2

[Event "FIN-chT 2223"]
[Site "Finland"]
[Date "2023.01.15"]
[Round "8.6"]
[White "Westerinen, Heikki MJ"]
[Black "Kauko, Jussi Matti"]
[Result "1/2-1/2"]
[WhiteElo "2246"]
[BlackElo "2250"]
[PlyCount "58"]
[EventDate "2022.09.24"]
[EventType "team-tourn"]
[EventRounds "11"]
[EventCountry "FIN"]
[SourceTitle "EXT 2024"]
[Source "ChessBase"]
[SourceDate "2023.10.10"]
[SourceVersion "1"]
[SourceVersionDate "2023.10.10"]
[SourceQuality "1"]
[WhiteTeam "Salo SalSK"]
[BlackTeam "Vammala SK"]
[WhiteTeamCountry "FIN"]
[BlackTeamCountry "FIN"]

1. e4 c5 2. Nc3 Nc6 3. g3 g6 4. Bg2 Bg7 5. d3 d6 6. Nge2 Nf6 7. h3 0-0 8. Be3 Bd7 9. 0-0 a6 10. Qd2 Rc8 11. Kh2 b5 12. a3 Qc7 13. Rac1 Rfe8 14. Bh6 Nd4 15. Bxg7 Kxg7 16. Nxd4 cxd4 17. Ne2 e5 18. f4 Bc6 19. Rf2 Nd7 20. Rcf1 f6 21. f5 g5 22. g4 Nb6 23. Ng3 Na4 24. Qc1 Rf8 25. Rh1 Be8 26. Kg1 h6 27. Bf1 Rh8 28. Rfh2 Bf7 29. h4 Qa5 1/2-1/2

[Event "Rilton Cup 50th"]
[Site "Stockholm"]
[Date "2022.12.29"]
[Round "3"]
[White "Westerinen, Heikki MJ"]
[Black "Joel Paul, Ganta"]
[Result "1-0"]
[WhiteElo "2253"]
[BlackElo "2183"]
[PlyCount "75"]
[EventDate "2022.12.27"]
[EventType "swiss"]
[EventRounds "9"]
[EventCountry "SWE"]
[SourceTitle "CBM 212 Extra"]
[Source "ChessBase"]
[SourceDate "2023.03.31"]
[SourceVersion "1"]
[SourceVersionDate "2023.03.31"]
[SourceQuality "1"]

1. e4 c5 2. Nc3 d6 3. g3 g6 4. Bg2 Bg7 5. d3 Nc6 6. Nge2 Bd7 7. 0-0 Rb8 8. Be3 Nf6 9. h3 Qc8 10. Kh2 h5 11. f3 Nd4 12. Qd2 b5 13. Rae1 e5 14. Nd1 Qa6 15. Nc1 h4 16. g4 Ne6 17. a3 d5 18. g5 d4 19. gxf6 dxe3 20. fxg7 Nxg7 21. Nxe3 Be6 22. Ng4 Nh5 23. Qg5 Ng3 24. Rf2 Kd7 25. Qxe5 Kc6 26. d4 cxd4 27. Rd2 Rhd8 28. Rxd4 Qb6 29. Red1 Kb7 30. Rxd8 Rxd8 31. Rxd8 Qxd8 32. Qxb5+ Kc8 33. Nd3 Ne2 34. Qc6+ Kb8 35. Nc5 Bc8 36. Ne5 Qc7 37. Qxc7+ Kxc7 38. Nxf7 1-0

[Event "FIN-chT 2223"]
[Site "Finland"]
[Date "2022.11.05"]
[Round "5.6"]
[White "Mustonen, Tapani"]
[Black "Westerinen, Heikki MJ"]
[Result "0-1"]
[WhiteElo "1847"]
[BlackElo "2246"]
[PlyCount "78"]
[EventDate "2022.09.24"]
[EventType "team-tourn"]
[EventRounds "11"]
[EventCountry "FIN"]
[SourceTitle "EXT 2024"]
[Source "ChessBase"]
[SourceDate "2023.10.10"]
[SourceVersion "1"]
[SourceVersionDate "2023.10.10"]
[SourceQuality "1"]
[WhiteTeam "Joensuu SK"]
[BlackTeam "Salo SalSK"]
[WhiteTeamCountry "FIN"]
[BlackTeamCountry "FIN"]

1. d4 d5 2. g3 Nf6 3. Bg2 c6 4. Nf3 Bf5 5. c4 e6 6. 0-0 Be7 7. b3 0-0 8. Bb2 Nbd7 9. Nbd2 Ne4 10. Re1 a5 11. Nxe4 Bxe4 12. cxd5 exd5 13. Nd2 Bxg2 14. Kxg2 Re8 15. e4 dxe4 16. Nxe4 Bb4 17. Bc3 Nb6 18. Qd2 Nd5 19. Bxb4 axb4 20. Nc5 b6 21. Rxe8+ Qxe8 22. Re1 Qd8 23. Nd3 Qd6 24. Ne5 h6 25. Nc4 Qd7 26. Ne5 Qd6 27. Nc4 Qf6 28. Re5 b5 29. Ne3 Nc3 30. Qd3 Nxa2 31. Nd1 Qg6 32. Qf3 Rd8 33. Ne3 Qf6 34. Nf5 Kh7 35. Qd3 g6 36. Ne3 Qxe5 37. Qc2 Qxd4 38. Qxa2 Qe4+ 39. Kg1 h5 0-1

[Event "EU-chT Seniors 65"]
[Site "Dresden"]
[Date "2022.11.03"]
[Round "8.1"]
[White "Sadiku, Bedri"]
[Black "Westerinen, Heikki MJ"]
[Result "0-1"]
[WhiteElo "2206"]
[BlackElo "2243"]
[PlyCount "90"]
[EventDate "2022.10.27"]
[EventType "team-swiss"]
[EventRounds "9"]
[EventCountry "GER"]
[SourceTitle "EXT 2024"]
[Source "ChessBase"]
[SourceDate "2023.10.10"]
[SourceVersion "1"]
[SourceVersionDate "2023.10.10"]
[SourceQuality "1"]
[WhiteTeam "Kosovo 65"]
[BlackTeam "Finland 65"]
[WhiteTeamCountry "KOS"]
[BlackTeamCountry "FIN"]

1. b4 e5 2. Bb2 d6 3. e3 Nf6 4. c4 g6 5. Qc2 Bg7 6. d3 0-0 7. Nd2 Re8 8. a3 c6 9. g3 a5 10. Rb1 Na6 11. b5 cxb5 12. cxb5 Nc5 13. a4 Nd5 14. Ne4 Nb4 15. Qd1 Be6 16. Ba3 Bd5 17. f3 Qb6 18. Bc1 Rac8 19. Nxc5 Qxc5 20. Bd2 Bh6 21. Kf2 Qc2 22. Qxc2 Rxc2 23. Ke1 Ra2 24. Bxb4 axb4 25. e4 Be6 26. Be2 b3 27. Bd1 Rc8 28. Ne2 Rxa4 29. Kf2 Rb4 30. f4 Rxb5 31. Rb2 Rb4 32. Ke3 d5 33. exd5 Bxd5 34. Rf1 exf4+ 35. Nxf4 Be6 36. Rff2 Bg7 37. Rfd2 Bd4+ 38. Kf3 Bxb2 39. Rxb2 Rc1 40. Nxe6 Rxd1 41. Nf4 g5 42. Ng2 Rxd3+ 43. Ke2 Rc3 44. Ne1 Re4+ 45. Kd2 Rce3 0-1

[Event "EU-chT Seniors 65"]
[Site "Dresden"]
[Date "2022.10.28"]
[Round "2.1"]
[White "Thuesen, Mogens Henrik"]
[Black "Westerinen, Heikki MJ"]
[Result "1/2-1/2"]
[WhiteElo "2204"]
[BlackElo "2243"]
[PlyCount "38"]
[EventDate "2022.10.27"]
[EventType "team-swiss"]
[EventRounds "9"]
[EventCountry "GER"]
[SourceTitle "EXT 2024"]
[Source "ChessBase"]
[SourceDate "2023.10.10"]
[SourceVersion "1"]
[SourceVersionDate "2023.10.10"]
[SourceQuality "1"]
[WhiteTeam "Denmark SK 2012 65"]
[BlackTeam "Finland 65"]
[WhiteTeamCountry "DEN"]
[BlackTeamCountry "FIN"]

1. d4 d5 2. c4 dxc4 3. Nf3 Nf6 4. e3 g6 5. Bxc4 Bg7 6. 0-0 c5 7. Qb3 0-0 8. Ne5 e6 9. Nc3 Qe7 10. dxc5 Qxc5 11. Nd3 Qe7 12. e4 Nc6 13. Be3 b6 14. Qa4 Bb7 15. h3 Rfc8 16. Ba6 Bxa6 17. Qxa6 Nb4 18. Qa3 Bf8 19. Rad1 Nxd3 1/2-1/2

[Event "FIN-chT 2223"]
[Site "Finland"]
[Date "2022.10.16"]
[Round "4.3"]
[White "Kauranen, Matti"]
[Black "Westerinen, Heikki MJ"]
[Result "1/2-1/2"]
[WhiteElo "2117"]
[BlackElo "2246"]
[PlyCount "41"]
[EventDate "2022.09.24"]
[EventType "team-tourn"]
[EventRounds "11"]
[EventCountry "FIN"]
[SourceTitle "EXT 2024"]
[Source "ChessBase"]
[SourceDate "2023.10.10"]
[SourceVersion "1"]
[SourceVersionDate "2023.10.10"]
[SourceQuality "1"]
[WhiteTeam "Helsinki HSK"]
[BlackTeam "Salo SalSK"]
[WhiteTeamCountry "FIN"]
[BlackTeamCountry "FIN"]

1. Nf3 Nf6 2. d4 d5 3. c4 dxc4 4. Nc3 c6 5. a4 Bf5 6. e3 e6 7. Bxc4 Bb4 8. 0-0 0-0 9. Qe2 Ne4 10. Nxe4 Bxe4 11. b3 Nd7 12. Bb2 Qa5 13. Rfd1 Bc3 14. Bxc3 Qxc3 15. Qd2 Qxd2 16. Nxd2 Bc2 17. Re1 Bg6 18. Rac1 Rfd8 19. Nf3 a5 20. h3 h6 21. Red1 1/2-1/2

[Event "FIN-chT 2022"]
[Site "Finland"]
[Date "2022.04.10"]
[Round "8.3"]
[White "Westerinen, Heikki MJ"]
[Black "Franssila, Tommi"]
[Result "1/2-1/2"]
[WhiteElo "2245"]
[BlackElo "2210"]
[PlyCount "66"]
[EventDate "2020.09.12"]
[EventType "team-tourn"]
[EventRounds "11"]
[EventCountry "FIN"]
[SourceTitle "EXT 2023"]
[Source "ChessBase"]
[SourceDate "2022.10.05"]
[SourceVersion "1"]
[SourceVersionDate "2022.10.05"]
[SourceQuality "1"]
[WhiteTeam "Salo SalSK"]
[BlackTeam "Jyvaskyla JyS"]
[WhiteTeamCountry "FIN"]
[BlackTeamCountry "FIN"]

1. e4 c5 2. Nf3 e6 3. Nc3 Nc6 4. Bb5 Nd4 5. a4 a6 6. Bc4 Nf6 7. Ba2 Qc7 8. d3 b5 9. Nxd4 cxd4 10. Ne2 Bb4+ 11. Bd2 Bxd2+ 12. Qxd2 Qc5 13. 0-0 Bb7 14. h3 0-0 15. c3 dxc3 16. Qxc3 Qxc3 17. Nxc3 b4 18. Nd1 d5 19. e5 Nd7 20. d4 a5 21. Ne3 Rac8 22. Rac1 Ba6 23. Rfd1 Rxc1 24. Rxc1 Rc8 25. Rxc8+ Bxc8 26. f4 Nb8 27. Kf2 Nc6 28. Nc2 Ba6 29. g3 h5 30. g4 h4 31. Bb3 Bd3 32. Ne1 Nxd4 33. Bxd5 Ba6 1/2-1/2

[Event "FIN-chT 2022"]
[Site "Finland"]
[Date "2022.03.12"]
[Round "5.4"]
[White "Lahdelma, Henri"]
[Black "Westerinen, Heikki MJ"]
[Result "1/2-1/2"]
[WhiteElo "2243"]
[BlackElo "2245"]
[PlyCount "111"]
[EventDate "2020.09.12"]
[EventType "team-tourn"]
[EventRounds "11"]
[EventCountry "FIN"]
[SourceTitle "EXT 2023"]
[Source "ChessBase"]
[SourceDate "2022.10.05"]
[SourceVersion "1"]
[SourceVersionDate "2022.10.05"]
[SourceQuality "1"]
[WhiteTeam "Espoo MatSK"]
[BlackTeam "Salo SalSK"]
[WhiteTeamCountry "FIN"]
[BlackTeamCountry "FIN"]

1. d4 Nf6 2. c4 g6 3. Nc3 Bg7 4. e4 d6 5. Nf3 0-0 6. Be2 e5 7. 0-0 Bg4 8. Be3 Nfd7 9. h3 Bxf3 10. Bxf3 Nc6 11. d5 Nd4 12. Bxd4 exd4 13. Nb5 a6 14. Nxd4 Qf6 15. Nb3 Qxb2 16. Qc1 a5 17. Qxb2 Bxb2 18. Rab1 Bf6 19. Bg4 Nb6 20. c5 Na4 21. cxd6 cxd6 22. Nd2 Nc3 23. Rxb7 Nxa2 24. Nc4 Rfd8 25. Bd7 a4 26. Nxd6 a3 27. Nc4 Bd4 28. e5 Nc3 29. e6 Nxd5 30. Nxa3 Rxa3 31. Re1 Ra1 32. exf7+ Kxf7 33. Be6+ Kf6 34. Rf7+ Kg5 35. Rxa1 Bxa1 36. f4+ Nxf4 37. h4+ Kxh4 38. Rxf4+ Kg5 39. Re4 Rd1+ 40. Kf2 h5 41. Ra4 Be5 42. Ra5 Kf6 43. Ra6 Kg7 44. Ke2 Rb1 45. Bd5 Rb2+ 46. Kf3 Bd4 47. Rc6 Rf2+ 48. Ke4 Bf6 49. Ke3 Rf5 50. Be4 Re5 51. Kf3 Rg5 52. Rc7+ Kh6 53. Rc6 Be5 54. Rxg6+ Rxg6 55. Bxg6 Kxg6 56. g4 1/2-1/2

[Event "FIN-chT 2022"]
[Site "Finland"]
[Date "2021.12.11"]
[Round "6.5"]
[White "Tusa, Tuukka"]
[Black "Westerinen, Heikki MJ"]
[Result "1-0"]
[WhiteElo "2129"]
[BlackElo "2245"]
[PlyCount "77"]
[EventDate "2020.09.12"]
[EventType "team-tourn"]
[EventRounds "11"]
[EventCountry "FIN"]
[SourceTitle "EXT 2023"]
[Source "ChessBase"]
[SourceDate "2022.10.05"]
[SourceVersion "1"]
[SourceVersionDate "2022.10.05"]
[SourceQuality "1"]
[WhiteTeam "Helsinki Ninja"]
[BlackTeam "Salo SalSK"]
[WhiteTeamCountry "FIN"]
[BlackTeamCountry "FIN"]

1. c4 g6 2. g3 Bg7 3. Bg2 Nf6 4. Nc3 0-0 5. e4 Nc6 6. Nge2 e5 7. 0-0 d6 8. h3 a6 9. d3 Rb8 10. Be3 b5 11. Qd2 Bd7 12. Rac1 Ne7 13. cxb5 axb5 14. b4 Be6 15. f4 exf4 16. gxf4 Nh5 17. Nd4 Qd7 18. Nxe6 Qxe6 19. Ne2 Qd7 20. Rc2 d5 21. Rfc1 Rfc8 22. Bc5 dxe4 23. dxe4 Qe8 24. Qe1 Kh8 25. e5 Nf5 26. Ba7 Ra8 27. Bxa8 Rxa8 28. Rxc7 h6 29. Qc3 Kh7 30. Qc6 Qd8 31. Rd7 Qe8 32. Qd5 Rc8 33. Rxc8 Qxc8 34. Bc5 Nhg3 35. Nxg3 Nxg3 36. Qxf7 Nf5 37. Qd5 h5 38. Rd8 Qa6 39. Ra8 1-0

[Event "FIN-chT 1920"]
[Site "Finland"]
[Date "2019.11.23"]
[Round "5.4"]
[White "Westerinen, Heikki MJ"]
[Black "Kholopov, Evgeny"]
[Result "0-1"]
[WhiteElo "2296"]
[BlackElo "2163"]
[PlyCount "38"]
[EventDate "2019.09.14"]
[EventType "team-tourn"]
[EventRounds "11"]
[EventCountry "FIN"]
[SourceTitle "CBM 194 Extra"]
[Source "ChessBase"]
[SourceDate "2020.03.31"]
[SourceVersion "1"]
[SourceVersionDate "2020.03.31"]
[SourceQuality "1"]
[WhiteTeam "Salo SalSK"]
[BlackTeam "Kotka KymS"]
[WhiteTeamCountry "FIN"]
[BlackTeamCountry "FIN"]

1. e4 e5 2. Nf3 Nc6 3. Bc4 Nf6 4. d3 Be7 5. 0-0 0-0 6. Re1 d6 7. c3 Bg4 8. Nbd2 d5 9. Bb5 a6 10. Bxc6 bxc6 11. Qa4 dxe4 12. Nxe5 Bd6 13. Nxe4 Bxe5 14. Nxf6+ Bxf6 15. Qxg4 Qxd3 16. Qg3 Qc2 17. Qxc7 Rae8 18. Be3 Qxb2 19. Qxc6 Re6 0-1

[Event "Harstad Advokatfirmaet op"]
[Site "Harstad"]
[Date "2019.10.11"]
[Round "5"]
[White "Berglund, Jan Sigmund"]
[Black "Westerinen, Heikki MJ"]
[Result "1/2-1/2"]
[WhiteElo "1988"]
[BlackElo "2285"]
[PlyCount "61"]
[EventDate "2019.10.11"]
[EventType "swiss"]
[EventRounds "7"]
[EventCountry "NOR"]
[SourceTitle "EXT 2021"]
[Source "ChessBase"]
[SourceDate "2020.10.23"]
[SourceVersion "1"]
[SourceVersionDate "2020.10.23"]
[SourceQuality "1"]

1. d4 Nf6 2. Bg5 Ne4 3. Bf4 d6 4. Nd2 Nf6 5. e3 g6 6. h3 Bg7 7. Ngf3 0-0 8. g4 Nc6 9. c4 Re8 10. d5 e5 11. Bg5 Ne7 12. e4 c6 13. Be2 Bd7 14. Bxf6 Bxf6 15. g5 Bg7 16. h4 Rf8 17. Qb3 Qc7 18. Qd3 b5 19. b3 bxc4 20. bxc4 Rac8 21. a4 f5 22. gxf6 Rxf6 23. Ng5 Rcf8 24. f3 h6 25. Nh3 Qc8 26. Nf2 h5 27. Qb3 Kh7 28. Rb1 Bh6 29. Qb7 a5 30. Qxc8 Nxc8 31. Nh3 1/2-1/2

[Event "EUR-chT Seniors 65"]
[Site "Mali Losinj"]
[Date "2019.09.24"]
[Round "7.2"]
[White "Westerinen, Heikki MJ"]
[Black "Wademark, Helge"]
[Result "1-0"]
[WhiteElo "2296"]
[BlackElo "1994"]
[PlyCount "55"]
[EventDate "2019.09.18"]
[EventType "team-swiss"]
[EventRounds "9"]
[EventCountry "CRO"]
[SourceTitle "EXT 2020"]
[Source "ChessBase"]
[SourceDate "2019.10.17"]
[SourceVersion "1"]
[SourceVersionDate "2019.10.17"]
[SourceQuality "1"]
[WhiteTeam "Finland 65"]
[BlackTeam "Sweden 65 II"]
[WhiteTeamCountry "FIN"]
[BlackTeamCountry "SWE"]

1. e4 e6 2. d4 d5 3. Nd2 a6 4. Ngf3 c5 5. exd5 Qxd5 6. Nc4 Nd7 7. Ne3 Qc6 8. d5 exd5 9. Qxd5 Ne7 10. Qxc6 Nxc6 11. Nd5 Bd6 12. Be3 Ne7 13. 0-0-0 Nxd5 14. Rxd5 Be7 15. Rd2 b6 16. Bc4 Ra7 17. Re1 0-0 18. Bf4 Bf6 19. Bd6 Rd8 20. Rde2 Nf8 21. Be7 Bxe7 22. Rxe7 Rxe7 23. Rxe7 Ne6 24. Ne5 Rf8 25. Nxf7 Rxf7 26. Re8+ Rf8 27. Rxc8 Kf7 28. Bxe6+ 1-0

[Event "EUR-chT Seniors 65"]
[Site "Mali Losinj"]
[Date "2019.09.23"]
[Round "6.2"]
[White "Kierzek, Matthias"]
[Black "Westerinen, Heikki MJ"]
[Result "1/2-1/2"]
[WhiteElo "2186"]
[BlackElo "2296"]
[PlyCount "52"]
[EventDate "2019.09.18"]
[EventType "team-swiss"]
[EventRounds "9"]
[EventCountry "CRO"]
[SourceTitle "EXT 2020"]
[Source "ChessBase"]
[SourceDate "2019.10.17"]
[SourceVersion "1"]
[SourceVersionDate "2019.10.17"]
[SourceQuality "1"]
[WhiteTeam "Germany 65"]
[BlackTeam "Finland 65"]
[WhiteTeamCountry "GER"]
[BlackTeamCountry "FIN"]

1. d4 Nf6 2. c4 g6 3. Nc3 Bg7 4. e4 d6 5. Be2 0-0 6. Bg5 c5 7. d5 e6 8. Nf3 exd5 9. cxd5 Bg4 10. 0-0 Nbd7 11. Nd2 Bxe2 12. Qxe2 a6 13. a4 Re8 14. f4 Qc7 15. Qd3 c4 16. Qf3 b5 17. Kh1 Rab8 18. axb5 axb5 19. Ra6 Rb6 20. Rfa1 Nc5 21. Rxb6 Qxb6 22. e5 Nd3 23. exf6 Nf2+ 24. Kg1 Ng4+ 25. Kh1 Nf2+ 26. Kg1 Ng4+ 1/2-1/2

[Event "EUR-chT Seniors 65"]
[Site "Mali Losinj"]
[Date "2019.09.21"]
[Round "4.1"]
[White "Sveshnikov, Evgeny"]
[Black "Westerinen, Heikki MJ"]
[Result "1-0"]
[WhiteElo "2483"]
[BlackElo "2296"]
[PlyCount "95"]
[EventDate "2019.09.18"]
[EventType "team-swiss"]
[EventRounds "9"]
[EventCountry "CRO"]
[SourceTitle "EXT 2020"]
[Source "ChessBase"]
[SourceDate "2019.10.17"]
[SourceVersion "1"]
[SourceVersionDate "2019.10.17"]
[SourceQuality "1"]
[WhiteTeam "Russia 65"]
[BlackTeam "Finland 65"]
[WhiteTeamCountry "RUS"]
[BlackTeamCountry "FIN"]

1. e4 e6 2. d4 d5 3. e5 c5 4. c3 Nc6 5. Nf3 Nh6 6. Bxh6 gxh6 7. Bb5 Qb6 8. Qe2 Bd7 9. a4 cxd4 10. cxd4 a6 11. Bxc6 Bxc6 12. 0-0 Bg7 13. Qd2 Rc8 14. Nc3 0-0 15. Ne2 f6 16. Nf4 Be8 17. a5 Qc6 18. Rfc1 Qd7 19. Rxc8 Qxc8 20. Rc1 Qd7 21. exf6 Bxf6 22. Re1 Bf7 23. Ne5 Qc7 24. g3 Re8 25. h4 Bg7 26. Nfd3 Re7 27. Nc5 Qd6 28. b4 Be8 29. Qf4 Qc7 30. Rc1 Qd8 31. Ng4 h5 32. Ne5 Bg6 33. Qg5 Qe8 34. Rc3 Bf5 35. Qc1 Bf8 36. Ncd3 Qb5 37. Rc5 Qa4 38. Rc8 Bxd3 39. Nxd3 Re8 40. Qg5+ Bg7 41. Rc7 Qa1+ 42. Kg2 Qxd4 43. Nf4 Qe5 44. Rxb7 Qxg5 45. hxg5 Bc3 46. Nxh5 Rd8 47. b5 axb5 48. a6 1-0

[Event "EUR-chT Seniors 65"]
[Site "Mali Losinj"]
[Date "2019.09.20"]
[Round "3.2"]
[White "Westerinen, Heikki MJ"]
[Black "Hammar, Bengt Erik"]
[Result "1/2-1/2"]
[WhiteElo "2296"]
[BlackElo "2161"]
[PlyCount "78"]
[EventDate "2019.09.18"]
[EventType "team-swiss"]
[EventRounds "9"]
[EventCountry "CRO"]
[SourceTitle "EXT 2020"]
[Source "ChessBase"]
[SourceDate "2019.10.17"]
[SourceVersion "1"]
[SourceVersionDate "2019.10.17"]
[SourceQuality "1"]
[WhiteTeam "Finland 65"]
[BlackTeam "Sweden 65"]
[WhiteTeamCountry "FIN"]
[BlackTeamCountry "SWE"]

1. e4 c5 2. Nc3 d6 3. f4 Nc6 4. Bb5 Bd7 5. Nf3 g6 6. 0-0 Bg7 7. d3 a6 8. Bxc6 Bxc6 9. Qe1 Nf6 10. Qh4 h6 11. Kh1 d5 12. Ne5 Rc8 13. Nxc6 Rxc6 14. e5 d4 15. Ne2 Nd5 16. c3 dxc3 17. bxc3 e6 18. Qxd8+ Kxd8 19. c4 Ne7 20. Ng3 h5 21. Ne4 Nf5 22. a4 Kc8 23. Ba3 Bf8 24. Ng5 Rc7 25. Rfd1 Bh6 26. Rab1 Bxg5 27. fxg5 Rd8 28. Rb3 Nd4 29. Rc3 Rc6 30. Re1 a5 31. Kg1 b6 32. Kf2 Rc7 33. Bc1 Rcd7 34. Bf4 Kc7 35. g3 Nc6 36. Rd1 Nb4 37. Ke3 Kb7 38. h4 Rd4 39. Ke2 R4d7 1/2-1/2

[Event "EUR-chT Seniors 65"]
[Site "Mali Losinj"]
[Date "2019.09.19"]
[Round "2.3"]
[White "Hutchinson, Paul A"]
[Black "Westerinen, Heikki MJ"]
[Result "1/2-1/2"]
[WhiteElo "2124"]
[BlackElo "2296"]
[PlyCount "113"]
[EventDate "2019.09.18"]
[EventType "team-swiss"]
[EventRounds "9"]
[EventCountry "CRO"]
[SourceTitle "EXT 2020"]
[Source "ChessBase"]
[SourceDate "2019.10.17"]
[SourceVersion "1"]
[SourceVersionDate "2019.10.17"]
[SourceQuality "1"]
[WhiteTeam "England 65"]
[BlackTeam "Finland 65"]
[WhiteTeamCountry "ENG"]
[BlackTeamCountry "FIN"]

1. d4 Nf6 2. Nf3 g6 3. Bf4 Bg7 4. e3 0-0 5. h3 d6 6. Nbd2 Nc6 7. Bh2 Re8 8. Be2 Nd7 9. c3 e5 10. Nc4 e4 11. Nfd2 b5 12. Na3 a6 13. Nc2 Qg5 14. Bg3 h5 15. Bf4 Qe7 16. g4 g5 17. Bh2 h4 18. Nxe4 Bb7 19. f3 Nb6 20. Qd3 Na5 21. 0-0-0 Rad8 22. Nf2 Bd5 23. b4 Bc4 24. Qd2 Bxe2 25. Qxe2 Nac4 26. e4 Na4 27. Rd3 Nab2 28. Ne3 Nxd3+ 29. Nxd3 Nxe3 30. Qxe3 Ra8 31. Kb2 a5 32. Ra1 c5 33. bxc5 dxc5 34. Nxc5 b4 35. e5 bxc3+ 36. Qxc3 Rab8+ 37. Kc2 Qc7 38. Na6 Qxc3+ 39. Kxc3 Rec8+ 40. Nc5 Bf8 41. Bg1 a4 42. Re1 a3 43. Re2 Rb1 44. Be3 Rh1 45. Bxg5 Rxh3 46. Kc4 Rh1 47. Kd5 Bxc5 48. dxc5 h3 49. Bf4 Rf1 50. e6 fxe6+ 51. Rxe6 Rxf3 52. Be5 Rf7 53. c6 Rh7 54. Rg6+ Kf7 55. Rf6+ Kg8 56. Rg6+ Kf7 57. Rf6+ 1/2-1/2

[Event "FIN-chT 1920"]
[Site "Finland"]
[Date "2019.09.14"]
[Round "1.4"]
[White "Maki, Veijo"]
[Black "Westerinen, Heikki MJ"]
[Result "1/2-1/2"]
[WhiteElo "2355"]
[BlackElo "2296"]
[PlyCount "41"]
[EventDate "2019.09.14"]
[EventType "team-tourn"]
[EventRounds "11"]
[EventCountry "FIN"]
[SourceTitle "EXT 2022"]
[Source "ChessBase"]
[SourceDate "2021.10.06"]
[SourceVersion "1"]
[SourceVersionDate "2021.10.06"]
[SourceQuality "1"]
[WhiteTeam "Tampere Tammer"]
[BlackTeam "Salo SalSK"]
[WhiteTeamCountry "FIN"]
[BlackTeamCountry "FIN"]

1. e4 e5 2. Nf3 Nc6 3. Bb5 a6 4. Ba4 d6 5. c3 Bd7 6. 0-0 g6 7. d4 Bg7 8. Re1 Qe7 9. d5 Nb8 10. Bxd7+ Nxd7 11. c4 Ngf6 12. Nc3 0-0 13. Be3 Ng4 14. Bg5 f6 15. Bd2 Nh6 16. b4 Nf7 17. Rc1 Bh6 18. Bxh6 Nxh6 19. Qd2 Nf7 20. Na4 a5 21. bxa5 1/2-1/2

[Event "Helsinki Seniors"]
[Site "Helsinki"]
[Date "2019.08.17"]
[Round "7"]
[White "Westerinen, Heikki MJ"]
[Black "Peebo, Kalle"]
[Result "1-0"]
[WhiteElo "2297"]
[BlackElo "2200"]
[PlyCount "35"]
[EventDate "2019.08.14"]
[EventType "tourn"]
[EventRounds "9"]
[EventCountry "FIN"]
[SourceTitle "CBM 191 Extra"]
[Source "ChessBase"]
[SourceDate "2019.09.30"]
[SourceVersion "1"]
[SourceVersionDate "2019.09.30"]
[SourceQuality "1"]

1. e4 d6 2. d4 e5 3. Nf3 exd4 4. Nxd4 g6 5. Nc3 Bg7 6. Bc4 Nc6 7. Nxc6 bxc6 8. 0-0 Be6 9. Qd3 Nf6 10. Bxe6 fxe6 11. e5 Ng4 12. exd6 Qxd6 13. Qh3 h5 14. Ne4 Qe5 15. Re1 0-0 16. Qg3 Qd5 17. h3 Be5 18. f4 1-0

[Event "Helsinki Seniors"]
[Site "Helsinki"]
[Date "2019.08.16"]
[Round "5"]
[White "Westerinen, Heikki MJ"]
[Black "Fomina, Tatyana"]
[Result "1-0"]
[WhiteElo "2297"]
[BlackElo "2201"]
[PlyCount "61"]
[EventDate "2019.08.14"]
[EventType "tourn"]
[EventRounds "9"]
[EventCountry "FIN"]
[SourceTitle "CBM 191 Extra"]
[Source "ChessBase"]
[SourceDate "2019.09.30"]
[SourceVersion "1"]
[SourceVersionDate "2019.09.30"]
[SourceQuality "1"]

1. e4 c5 2. Nf3 e6 3. c3 d5 4. exd5 Qxd5 5. d4 Nf6 6. Na3 Be7 7. Nb5 Qd8 8. dxc5 Bxc5 9. Qxd8+ Kxd8 10. Bf4 Nd5 11. 0-0-0 Ke7 12. Rxd5 exd5 13. Nc7 Bd6 14. Bxd6+ Kxd6 15. Nxa8 Nc6 16. Bd3 Be6 17. Nd4 Nxd4 18. cxd4 Rxa8 19. Kd2 g6 20. h4 h5 21. Re1 Rg8 22. Re5 f6 23. Re3 g5 24. hxg5 fxg5 25. Be2 h4 26. Ra3 g4 27. Rxa7 Rg7 28. Ra8 Rh7 29. Bd3 h3 30. gxh3 gxh3 31. Bxh7 1-0